000 00540nam a2200205Ia 4500
001 14869
003 GE_BSU
008 181216s||||||||xx |||||||||||||| ||und||
040 _cGE_BSU
080 _a519.675
100 _aБлох,Л.С.
245 _aПрактическая номография
245 _cРед. А.М.Суходский
260 _aМосква
260 _bВысшая школа
260 _c1971
300 _a327стр.20см.
653 _aПрактическая номография
942 _cBK
999 _c47991
_d47991